[Event "25.Schlosspark-Open"]
[Site "Wiesbaden-Biebrich"]
[Date "2013.08.23"]
[Round "3.1"]
[White "Khenkin, Igor"]
[Black "Boos, Markus"]
[Result "1-0"]
[WhiteElo "2605"]
[BlackElo "2153"]
[PlyCount "77"]
[EventDate "2013.??.??"]
[WhiteTeam "Wiesbadener SV 1885"]
[BlackTeam "SF Vonkeln 1931"]

1. d4 Nf6 2. Nf3 c5 3. d5 e6 4. Nc3 exd5 5. Nxd5 Nc6 6. Bg5 Be7 7. Bxf6 Bxf6 8.
c3 O-O 9. Qd2 b5 10. g3 b4 11. Bg2 Ba6 12. O-O Re8 13. Rfe1 Bc4 14. Nxf6+ Qxf6
15. cxb4 cxb4 16. e3 Rac8 17. h4 h6 18. Rec1 Be6 19. Rc5 Bg4 20. Nh2 Be6 21.
Rac1 Rcd8 22. b3 Ne5 23. Qd6 Bxb3 24. Qxf6 gxf6 25. axb3 Nd3 26. Nf3 Nxc1 27.
Rxc1 Rc8 28. Ra1 Rc7 29. Nd4 Re5 30. Ra6 Kg7 31. Bh3 Rec5 32. Rd6 Ra5 33. Bxd7
Rc1+ 34. Kg2 Ra2 35. Bg4 a5 36. Rd7 f5 37. Bh5 a4 38. bxa4 Rb1 39. Bxf7 1-0

[Event "25.Schlosspark-Open"]
[Site "Wiesbaden-Biebrich"]
[Date "2013.08.23"]
[Round "3.2"]
[White "Koch, Markus"]
[Black "Milov, Leonid"]
[Result "0-1"]
[WhiteElo "2140"]
[BlackElo "2528"]
[PlyCount "128"]
[EventDate "2013.??.??"]
[WhiteTeam "SC Brett vor'm Kopp Ffm"]
[BlackTeam "SC Noris-Tarrasch Nürnberg 1873"]

1. d4 Nf6 2. c4 c5 3. d5 a6 4. Nc3 b5 5. f3 b4 6. Nb1 d6 7. e4 g6 8. Bd3 Bg7 9.
Ne2 O-O 10. a3 Nbd7 11. O-O Ne5 12. Be3 Rb8 13. h3 Nfd7 14. f4 Nxd3 15. Qxd3
Bxb2 16. Ra2 Bg7 17. axb4 Rxb4 18. Nd2 a5 19. Nc1 Nb6 20. Ncb3 Na4 21. Qc2 Qb6
22. Bf2 Bd7 23. Bh4 Rb8 24. Rf3 Qd8 25. Kh2 Ra8 26. Nc1 Nb2 27. Nd3 Nxd3 28.
Qxd3 a4 29. Qe2 Rb2 30. Rfa3 Rxa2 31. Rxa2 Bf6 32. Be1 a3 33. e5 Bg7 34. Nf3
Bf5 35. Qe3 Qb8 36. Rxa3 Rxa3 37. Qxa3 h6 38. Bc3 Be4 39. Nd2 Bf5 40. g4 Bc2
41. Qb2 Qxb2 42. Bxb2 f6 43. exd6 exd6 44. Kg3 Kf7 45. Kf3 Bf8 46. Bc3 Be7 47.
Ke3 f5 48. Kf3 Bd1+ 49. Kg3 fxg4 50. hxg4 Be2 51. Ba5 h5 52. g5 Bd3 53. Bc7 Bf8
54. Kf3 Ke7 55. Ba5 Bg7 56. Kg3 Bd4 57. Kf3 h4 58. Bb6 h3 59. Kg3 Be3 60. Nf3
Bxc4 61. Nh4 Kf7 62. Kxh3 Bxf4 63. Kg4 Be5 64. Nf3 Be2 0-1

[Event "25.Schlosspark-Open"]
[Site "Wiesbaden-Biebrich"]
[Date "2013.08.23"]
[Round "3.3"]
[White "Meijers, Viesturs"]
[Black "Friesen, Viktor"]
[Result "1-0"]
[WhiteElo "2470"]
[BlackElo "2123"]
[PlyCount "83"]
[EventDate "2013.??.??"]
[WhiteTeam "ESV Nickelhütte Aue"]
[BlackTeam "Herforder SV Königsspr"]

1. c4 Nf6 2. Nf3 e6 3. b3 b6 4. g3 Bb7 5. Bg2 c5 6. O-O Be7 7. Bb2 O-O 8. Nc3
Nc6 9. d4 d6 10. Qd2 a6 11. Rad1 cxd4 12. Nxd4 Qc7 13. Nc2 Rfd8 14. e4 Na7 15.
Nd4 Nc6 16. Qe2 Nxd4 17. Rxd4 Bc6 18. Rc1 Qb7 19. a4 Rac8 20. h3 Qb8 21. Rd2
Nd7 22. Qd1 Nf6 23. Ba3 Ne8 24. Qe2 Qb7 25. Qe3 b5 26. cxb5 axb5 27. Nxb5 Bxb5
28. Rxc8 Rxc8 29. axb5 Qxb5 30. e5 Qa6 31. Bb4 Bf8 32. exd6 Nxd6 33. Qd3 Qxd3
34. Rxd3 Nb5 35. Bd2 Bc5 36. Bb7 Rb8 37. Ba6 Kf8 38. b4 Be7 39. Rd7 Na3 40. Rc7
Bxb4 41. Rc8+ Ke7 42. Bg5+ 1-0

[Event "25.Schlosspark-Open"]
[Site "Wiesbaden-Biebrich"]
[Date "2013.08.23"]
[Round "3.4"]
[White "Werner, Dimo"]
[Black "Schmittdiel, Eckhard"]
[Result "0-1"]
[WhiteElo "2139"]
[BlackElo "2435"]
[PlyCount "102"]
[EventDate "2013.??.??"]
[WhiteTeam "Vorw.Orient Mainz"]
[BlackTeam "SC Hansa Dortmund e.V."]

1. d4 e6 2. c4 f5 3. g3 Nf6 4. Bg2 Bb4+ 5. Bd2 Be7 6. Nc3 d5 7. Nf3 c6 8. cxd5
exd5 9. O-O O-O 10. Bg5 h6 11. Bxf6 Bxf6 12. e3 Nd7 13. b4 Nb6 14. Nd2 a5 15.
b5 a4 16. Rb1 Bd7 17. bxc6 Bxc6 18. Qc2 Be7 19. Qb2 Nc8 20. a3 Qd6 21. Ra1 g6
22. Qa2 Ra5 23. Rfb1 Kg7 24. Nf3 Bf6 25. Ne1 g5 26. Qd2 Qd8 27. Nd3 Re8 28. Nb4
Re7 29. Rc1 Nb6 30. Bf1 Be8 31. Rab1 Bg6 32. Bd3 Ra8 33. Ne2 Rc8 34. Rxc8 Qxc8
35. Rc1 Qe6 36. Nc3 Bh5 37. Be2 Bxe2 38. Nxe2 f4 39. gxf4 Qg4+ 40. Kf1 Nc4 41.
Rxc4 dxc4 42. Nd5 Qh3+ 43. Kg1 Rf7 44. Qb4 Qe6 45. Qxc4 Rd7 46. fxg5 Bxg5 47.
Nec3 Qg4+ 48. Kf1 Qf3 49. Kg1 Bh4 50. Qa2 Rd6 51. Nf4 Rc6 0-1

[Event "25.Schlosspark-Open"]
[Site "Wiesbaden-Biebrich"]
[Date "2013.08.23"]
[Round "3.5"]
[White "Kreiling, Carsten"]
[Black "Müller, Ralf"]
[Result "0-1"]
[WhiteElo "2111"]
[BlackElo "2395"]
[PlyCount "80"]
[EventDate "2013.??.??"]
[WhiteTeam "SVG Eppstein 1932"]
[BlackTeam "SG Stern Stuttgart"]

1. d4 Nf6 2. c4 g6 3. Nc3 d5 4. cxd5 Nxd5 5. e4 Nxc3 6. bxc3 Bg7 7. Nf3 c5 8.
Rb1 O-O 9. Be2 cxd4 10. cxd4 Qa5+ 11. Qd2 Qxd2+ 12. Bxd2 b6 13. O-O Bb7 14. d5
Ba6 15. Bxa6 Nxa6 16. Be3 f5 17. e5 f4 18. Bc1 Rad8 19. Ba3 Rxd5 20. Bxe7 Re8
21. Bd6 Nc5 22. Rfd1 Rxd1+ 23. Rxd1 Ne6 24. h4 h6 25. Nd4 Nd8 26. Nb5 Nf7 27.
Nxa7 Bxe5 28. Bxe5 Nxe5 29. Rd6 Re7 30. Nc6 Rd7 31. Rxd7 Nxd7 32. Kf1 Kf7 33.
Ke2 Kf6 34. Kd3 Ne5+ 35. Nxe5 Kxe5 36. Kc4 f3 37. gxf3 h5 38. Kb5 g5 39. Kxb6
gxh4 40. a4 h3 0-1

[Event "25.Schlosspark-Open"]
[Site "Wiesbaden-Biebrich"]
[Date "2013.08.23"]
[Round "3.6"]
[White "Carow, Johannes"]
[Black "Rödiger, Thomas"]
[Result "1-0"]
[WhiteElo "2355"]
[BlackElo "2086"]
[PlyCount "69"]
[EventDate "2013.??.??"]
[WhiteTeam "Sfr.Heidesheim"]
[BlackTeam "SC Bad Soden"]

1. d4 Nf6 2. c4 e6 3. Nc3 d5 4. Nf3 Be7 5. Bf4 c6 6. e3 O-O 7. Bd3 Nbd7 8. O-O
Re8 9. h3 a6 10. b3 Nf8 11. c5 Ng6 12. Bh2 Nd7 13. b4 Bf6 14. e4 e5 15. exd5
exd4 16. Ne4 Rxe4 17. Bxe4 cxd5 18. Bxg6 hxg6 19. Qd3 Nf8 20. Be5 Bf5 21. Qxd4
Ne6 22. Qb2 d4 23. Rfe1 Qd5 24. Qb3 Qc6 25. Rad1 d3 26. Bxf6 gxf6 27. Nh4 Nf4
28. f3 Be6 29. Qb2 Kg7 30. Re4 g5 31. Rxf4 gxf4 32. Rxd3 Rh8 33. Rd6 Qc8 34.
Nf5+ Bxf5 35. Qxf6+ 1-0

[Event "25.Schlosspark-Open"]
[Site "Wiesbaden-Biebrich"]
[Date "2013.08.23"]
[Round "3.7"]
[White "Junker, Christian"]
[Black "Mensch, Etienne"]
[Result "0-1"]
[WhiteElo "2100"]
[BlackElo "2345"]
[PlyCount "82"]
[EventDate "2013.??.??"]
[WhiteTeam "SV 1926 Neu-Isenburg"]
[BlackTeam "SK Freiburg-Wiehre 2000 e.V."]

1. Nf3 Nf6 2. d3 d5 3. g3 c5 4. Nbd2 Nc6 5. Bg2 Bg4 6. h3 Bh5 7. O-O e6 8. e4
Be7 9. g4 Bg6 10. Nh4 dxe4 11. Nxg6 hxg6 12. dxe4 Qc7 13. f4 Rd8 14. c3 g5 15.
fxg5 Nxe4 16. g6 c4 17. gxf7+ Kf8 18. Nxe4 Qb6+ 19. Kh2 Rxd1 20. Rxd1 Ne5 21.
Rd4 Kxf7 22. Bf4 Nf3+ 23. Bxf3 Qxb2+ 24. Bg2 Qxa1 25. Rd7 Rd8 26. Rxb7 Kf8 27.
Rxa7 Qe1 28. Bg3 Qe3 29. Bf2 Bd6+ 30. Nxd6 Qxf2 31. Rf7+ Qxf7 32. Nxf7 Kxf7 33.
a4 Rd3 34. Bf1 Rxc3 35. a5 Rc1 36. Kg2 c3 37. Bd3 Ra1 38. Kf3 Rxa5 39. Ke3 Ra2
40. h4 Rh2 41. h5 c2 0-1

[Event "25.Schlosspark-Open"]
[Site "Wiesbaden-Biebrich"]
[Date "2013.08.23"]
[Round "3.8"]
[White "Junesch, Gerhard"]
[Black "Hahn, Florian"]
[Result "1-0"]
[WhiteElo "2323"]
[BlackElo "2078"]
[PlyCount "55"]
[EventDate "2013.??.??"]
[WhiteTeam "SC Erdmannhausen"]
[BlackTeam "SK Gründau"]

1. Nf3 e6 2. c4 Nf6 3. Nc3 b6 4. g3 Bb7 5. Bg2 Be7 6. O-O O-O 7. Re1 d5 8. cxd5
Nxd5 9. d4 c5 10. e4 cxd4 11. Nxd5 exd5 12. e5 Bb4 13. Bd2 Bxd2 14. Qxd2 Nc6
15. b4 Ba6 16. Rab1 Bc4 17. b5 Na5 18. Nxd4 Qd7 19. e6 fxe6 20. Bh3 Kh8 21.
Rxe6 Rae8 22. Qc2 Rxe6 23. Nxe6 Qe7 24. Nxf8 Qxf8 25. Bf5 d4 26. Bxh7 Qf3 27.
Be4 d3 28. Qxc4 1-0

[Event "25.Schlosspark-Open"]
[Site "Wiesbaden-Biebrich"]
[Date "2013.08.23"]
[Round "3.9"]
[White "Holgert, Michael"]
[Black "Gara, Anita"]
[Result "0-1"]
[WhiteElo "2076"]
[BlackElo "2299"]
[PlyCount "74"]
[EventDate "2013.??.??"]
[WhiteTeam "ESV Lok Raw Cottbus e.V."]
[BlackTeam "SV Großhansdorf"]

1. c4 b6 2. Nc3 Bb7 3. e4 e6 4. Nf3 Nf6 5. Qe2 Bb4 6. e5 Nh5 7. d4 g6 8. g4 Ng7
9. Bd2 f6 10. Rg1 O-O 11. Ne4 Bxd2+ 12. Nfxd2 fxe5 13. dxe5 Nc6 14. Nf6+ Rxf6
15. exf6 Qxf6 16. Ne4 Qf4 17. Bg2 Rf8 18. Rd1 Rf7 19. Qe3 Qxh2 20. Kf1 Ne5 21.
Nf6+ Rxf6 22. Bxb7 Nxc4 23. Qg3 Qxg3 24. Rxg3 d5 25. b3 Nd6 26. Ba6 Ne4 27. Rg2
Ne8 28. Bd3 N8d6 29. Rc1 c5 30. Ke2 Ng5 31. Rg3 e5 32. f3 Kg7 33. Rd1 h6 34.
Bb1 Nb5 35. Rh1 Nd4+ 36. Ke3 Ndxf3 37. Rf1 e4 0-1

[Event "25.Schlosspark-Open"]
[Site "Wiesbaden-Biebrich"]
[Date "2013.08.23"]
[Round "3.10"]
[White "Karabalis, Harilos"]
[Black "Fucik, Timo"]
[Result "1-0"]
[WhiteElo "2275"]
[BlackElo "2073"]
[PlyCount "65"]
[EventDate "2013.??.??"]
[WhiteTeam "SC Brett vor'm Kopp Ffm"]
[BlackTeam "SK 1926 Ettlingen"]

1. e4 c5 2. Nc3 Nc6 3. Nge2 d6 4. d4 cxd4 5. Nxd4 g6 6. Be3 Bg7 7. Qd2 Nf6 8.
f3 O-O 9. Bc4 a6 10. O-O-O Nxd4 11. Bxd4 b5 12. Bb3 Bb7 13. g4 Bc6 14. h4 b4
15. Nd5 Bxd5 16. Bxd5 Nxd5 17. Bxg7 Kxg7 18. Qxd5 Qb6 19. Kb1 a5 20. h5 a4 21.
f4 Ra5 22. Qd2 h6 23. hxg6 fxg6 24. f5 Rh8 25. Rh3 Re5 26. Rdh1 Rxe4 27. Rxh6
Re1+ 28. Qxe1 Rxh6 29. Qxe7+ Kg8 30. Qe8+ Kg7 31. f6+ Kxf6 32. Qf8+ Ke6 33.
Qxh6 1-0

[Event "25.Schlosspark-Open"]
[Site "Wiesbaden-Biebrich"]
[Date "2013.08.23"]
[Round "3.11"]
[White "Sandten, Ulrich"]
[Black "Stockmann, Michael"]
[Result "0-1"]
[WhiteElo "2073"]
[BlackElo "2273"]
[PlyCount "160"]
[EventDate "2013.??.??"]
[WhiteTeam "SF Vonkeln 1931"]
[BlackTeam "Sfr. Schöneck"]

1. e4 d5 2. exd5 Qxd5 3. Nc3 Qd6 4. d4 c6 5. Nge2 Nf6 6. Bf4 Qd8 7. Qd2 Bf5 8.
Ng3 Bg6 9. h4 h6 10. O-O-O e6 11. Bd3 Bxd3 12. Qxd3 Bd6 13. Bxd6 Qxd6 14. Nge4
Qf4+ 15. Kb1 Nxe4 16. Nxe4 Na6 17. g3 Qc7 18. Qc3 O-O-O 19. f4 Rd5 20. Rd2 Rhd8
21. Rhd1 Qb6 22. Qc4 Nc7 23. Nc3 R5d7 24. Rd3 Qa5 25. Ne4 Qd5 26. Nd2 Qf5 27.
Nb3 Nb5 28. Qb4 b6 29. a4 Nc7 30. a5 Qb5 31. Qxb5 Nxb5 32. c4 Nd6 33. c5 Ne4
34. cxb6 Nf2 35. Nc5 axb6 36. Nxd7 Rxd7 37. axb6 Rb7 38. Kc2 Rxb6 39. Kc3 Kc7
40. b3 Kd6 41. Kc4 Ra6 42. R1d2 Nxd3 43. Rxd3 Ra1 44. Re3 Rc1+ 45. Rc3 Re1 46.
Rf3 Re4 47. b4 g6 48. Ra3 f6 49. Kd3 Re1 50. Kc4 Rc1+ 51. Kd3 Rg1 52. Kc4 f5
53. Rc3 Ra1 54. Kd3 Ra4 55. Kc4 Ra2 56. Kb3 Ra8 57. Kc4 g5 58. hxg5 hxg5 59.
fxg5 Rg8 60. Ra3 Rxg5 61. Ra6 Kc7 62. Ra3 Kd6 63. Ra6 Rxg3 64. b5 Rg1 65. Rxc6+
Kd7 66. Ra6 Rc1+ 67. Kd3 Rb1 68. Rb6 Ke7 69. Ke3 Rb3+ 70. Ke2 f4 71. Rb7+ Kf6
72. b6 Kf5 73. Rf7+ Ke4 74. b7 Rb2+ 75. Kf1 Kf3 76. Ke1 Ke3 77. Kd1 f3 78. Rf6
f2 79. Rxe6+ Kd3 80. Kc1 Rc2+ 0-1

[Event "25.Schlosspark-Open"]
[Site "Wiesbaden-Biebrich"]
[Date "2013.08.23"]
[Round "3.12"]
[White "Seidel, Jürgen"]
[Black "Minor, Samuel"]
[Result "1-0"]
[WhiteElo "2068"]
[BlackElo "2230"]
[PlyCount "84"]
[EventDate "2013.??.??"]
[WhiteTeam "SV 1920 Hofheim"]
[BlackTeam "Wiesbadener SV 1885"]

1. d4 d5 2. c4 e6 3. Nc3 Nf6 4. cxd5 exd5 5. Bg5 Nbd7 6. e3 Be7 7. Bd3 O-O 8.
Nge2 c6 9. Qc2 Re8 10. O-O Ne4 11. Bf4 Nef6 12. Rab1 a5 13. a3 h6 14. b4 axb4
15. axb4 b6 16. Nb5 Bb7 17. Nc7 Nh5 18. Nxe8 Nxf4 19. Nxf4 Qxe8 20. Bf5 g6 21.
Bxd7 Qxd7 22. Rfc1 Rc8 23. Qa4 Kg7 24. Ra1 Ra8 25. Qb3 Rc8 26. Nd3 Bd6 27. Rc3
f6 28. Qc2 Qe7 29. Rb1 g5 30. Qa4 Qd7 31. Rbc1 Ra8 32. Qb3 Rc8 33. b5 cxb5 34.
Rxc8 Bxc8 35. Rb1 Ba6 36. Qa2 Bb7 37. Qa7 Bc7 38. g3 Bc8 39. Rc1 Bd6 40. Qxb6
Kg6 41. Qc6 Qf5 42. Ne1 Ba3 1-0

[Event "25.Schlosspark-Open"]
[Site "Wiesbaden-Biebrich"]
[Date "2013.08.23"]
[Round "3.13"]
[White "Commercon, Simon"]
[Black "Giese, Tilman"]
[Result "0-1"]
[WhiteElo "2183"]
[BlackElo "2045"]
[PlyCount "123"]
[EventDate "2013.??.??"]
[WhiteTeam "TSG Mutterstadt"]
[BlackTeam "SC Turm Illingen"]

1. d4 f5 2. g3 g6 3. Bg2 Bg7 4. Nf3 Nf6 5. c4 d6 6. Nc3 Nc6 7. O-O O-O 8. Rb1
e5 9. dxe5 Nxe5 10. Qb3 Kh8 11. Rd1 Qe7 12. Bg5 c6 13. Qb4 Nxf3+ 14. Bxf3 Be6
15. Bf4 Ne8 16. Rd2 a5 17. Qa4 g5 18. Be3 f4 19. Bd4 Bxd4 20. Rxd4 g4 21. Bg2
f3 22. exf3 gxf3 23. Bf1 Qd7 24. Qd1 Rd8 25. Rh4 Qg7 26. Qd4 d5 27. Re1 Nc7 28.
cxd5 Qxd4 29. Rxd4 Bxd5 30. Re7 Ne6 31. Rh4 Ng5 32. Rh5 Rf7 33. Rxf7 Nxf7 34.
Nxd5 Rxd5 35. Rxd5 cxd5 36. Bh3 Ne5 37. Bf5 Kg7 38. Kf1 h5 39. h3 Kf6 40. Bc8
Nd3 41. Bxb7 Ke5 42. Ba6 Nxb2 43. Ke1 Na4 44. Kd2 Nc5 45. Bb5 Ne4+ 46. Ke3 Nc3
47. Be8 Nxa2 48. Kxf3 Nc3 49. Ke3 d4+ 50. Kd3 h4 51. f4+ Ke6 52. g4 a4 53. Kxd4
Ne2+ 54. Ke3 a3 55. Bb5 Kd5 56. Ba4 Nd4 57. Be8 a2 58. Bf7+ Ne6 59. f5 a1=Q 60.
fxe6 Kd6 61. Kf4 Qf6+ 62. Ke4 0-1

[Event "25.Schlosspark-Open"]
[Site "Wiesbaden-Biebrich"]
[Date "2013.08.23"]
[Round "3.14"]
[White "Machlin, Maxim"]
[Black "Sobolevsky, Leonid"]
[Result "0-1"]
[WhiteElo "1995"]
[BlackElo "2182"]
[PlyCount "92"]
[EventDate "2013.??.??"]
[WhiteTeam "Biebertaler SF"]
[BlackTeam "Schachzirkel Elstertal Langenber"]

1. e4 c5 2. Nf3 Nc6 3. d4 cxd4 4. Nxd4 e5 5. Nb5 d6 6. N1c3 a6 7. Na3 f5 8. Nd5
Nf6 9. Bg5 Be7 10. Bxf6 Bxf6 11. Nc4 O-O 12. Ndb6 Rb8 13. Qd5+ Kh8 14. Nxc8
Rxc8 15. Qxd6 Nd4 16. Qxd8 Rfxd8 17. O-O-O b5 18. Ne3 f4 19. Ng4 Rxc2+ 20. Kb1
Rc7 21. Nxf6 gxf6 22. f3 Rdc8 23. Bd3 Rg8 24. Rd2 Rcg7 25. Bf1 h5 26. Rf2 Kh7
27. g3 fxg3 28. hxg3 Rxg3 29. Rxh5+ Kg6 30. Rh3 Rxh3 31. Bxh3 Rh8 32. Bf1 Rh4
33. Rg2+ Kf7 34. Rf2 Rf4 35. Bg2 Rh4 36. Bf1 Kg6 37. Kc1 Kg5 38. a4 Kf4 39.
axb5 axb5 40. Kd2 b4 41. Kd3 Rh8 42. Be2 Rd8 43. Rf1 Nf5+ 44. Kc4 Ne3+ 45. Kxb4
Nxf1 46. Bxf1 Kxf3 0-1

[Event "25.Schlosspark-Open"]
[Site "Wiesbaden-Biebrich"]
[Date "2013.08.23"]
[Round "3.15"]
[White "Malzahn, Sven"]
[Black "Bauer, Claus"]
[Result "1/2-1/2"]
[WhiteElo "2017"]
[BlackElo "2172"]
[PlyCount "41"]
[EventDate "2013.??.??"]
[WhiteTeam "SAbt TuS Dotzheim"]
[BlackTeam "Sfr.Mainz 1928"]

1. e4 d6 2. Nc3 Nf6 3. f4 Nbd7 4. Bc4 c6 5. d3 b5 6. Bb3 e5 7. Nf3 Be7 8. O-O
O-O 9. Qe1 Nc5 10. Kh1 Qc7 11. fxe5 dxe5 12. Qg3 Bd6 13. Nh4 Nxb3 14. axb3 Ne8
15. Nf5 Kh8 16. Be3 a6 17. Rf3 f6 18. Qf2 Be6 19. Ne2 Bg8 20. Neg3 Rf7 21. Kg1
1/2-1/2

[Event "25.Schlosspark-Open"]
[Site "Wiesbaden-Biebrich"]
[Date "2013.08.23"]
[Round "3.16"]
[White "Ruppert, Wolfgang"]
[Black "Zeyer, Oliver"]
[Result "0-1"]
[WhiteElo "2167"]
[BlackElo "2001"]
[PlyCount "74"]
[EventDate "2013.??.??"]
[WhiteTeam "SC Flörsheim 1921"]
[BlackTeam "SF HN-Biberach 1978 e.V."]

1. e4 c5 2. Nf3 Nc6 3. Bb5 g6 4. Bxc6 bxc6 5. O-O Bg7 6. Nc3 d6 7. h3 e5 8. d3
Ne7 9. Nh4 Nf5 10. Nxf5 gxf5 11. f4 fxe4 12. Nxe4 O-O 13. f5 d5 14. Nxc5 Qb6
15. d4 exd4 16. Nd3 c5 17. Qg4 Kh8 18. Qf3 c4 19. Nf4 d3+ 20. Kh1 Bb7 21. Nh5
d4 22. Qf2 Rg8 23. cxd3 Bh6 24. Rg1 Be3 25. Bxe3 dxe3 26. Qe2 cxd3 27. Qxd3
Qxb2 28. Nf4 Rad8 29. Qxe3 Rd2 30. Rab1 Rgxg2 31. Nxg2 Bxg2+ 32. Kh2 Bf1+ 33.
Kg3 Qg7+ 34. Kf4 Qh6+ 35. Kf3 Qxh3+ 36. Rg3 Qxf5+ 37. Qf4 Rd3+ 0-1

[Event "25.Schlosspark-Open"]
[Site "Wiesbaden-Biebrich"]
[Date "2013.08.23"]
[Round "3.17"]
[White "Reichenbächer, Thomas"]
[Black "Serbu, Eli"]
[Result "0-1"]
[WhiteElo "1966"]
[BlackElo "2164"]
[PlyCount "76"]
[EventDate "2013.??.??"]
[WhiteTeam "SC Steißlingen"]
[BlackTeam "Wiesbadener SV 1885"]

1. g3 Nf6 2. Bg2 g6 3. Nf3 Bg7 4. d4 O-O 5. O-O c5 6. c3 cxd4 7. cxd4 d5 8. Ne5
Nc6 9. Nxc6 bxc6 10. Qa4 Qb6 11. Nc3 Bf5 12. Qa3 Rfe8 13. e3 Rab8 14. Rd1 Bf8
15. Na4 Qa6 16. Bf1 Qc8 17. Nc5 Bg4 18. Re1 e5 19. Qc3 Bxc5 20. dxc5 Ne4 21.
Qc2 Ng5 22. Bg2 Bf3 23. e4 Bxg2 24. Bxg5 Bf3 25. Qd3 Bxe4 26. Rxe4 dxe4 27. Qd2
Qf5 28. Be3 Red8 29. Qa5 Rd7 30. Qa6 Rbd8 31. Qe2 Qf3 32. Qxf3 exf3 33. h3 Rd1+
34. Rxd1 Rxd1+ 35. Kh2 Rb1 36. g4 Rxb2 37. Kg3 Rxa2 38. Kxf3 f5 0-1

[Event "25.Schlosspark-Open"]
[Site "Wiesbaden-Biebrich"]
[Date "2013.08.23"]
[Round "3.18"]
[White "Sergin, Mark"]
[Black "Kuhn, Gerhard"]
[Result "1-0"]
[WhiteElo "2160"]
[BlackElo "1996"]
[PlyCount "83"]
[EventDate "2013.??.??"]
[WhiteTeam "Kasseler SK 1876"]
[BlackTeam "SK Marburg 1931/72"]

1. e4 c6 2. Nf3 d5 3. exd5 cxd5 4. Ne5 Nf6 5. d4 e6 6. c3 Be7 7. Bd3 Nc6 8. f4
O-O 9. Nd2 Ne8 10. O-O f5 11. Ndf3 Nf6 12. Ng5 Qe8 13. Qe1 Nxe5 14. fxe5 Ne4
15. Nh3 Bd7 16. Bxe4 fxe4 17. Rxf8+ Qxf8 18. Qg3 Qf7 19. Bg5 Rf8 20. Be3 Bb5
21. Nf4 Kh8 22. h4 Qf5 23. Nh3 Qh5 24. Bg5 Bxg5 25. Nxg5 Qg6 26. Re1 Qf5 27. b3
a5 28. c4 Bd7 29. cxd5 exd5 30. Rc1 h6 31. Nh3 Bc6 32. Kh2 Kh7 33. Rc2 Qg6 34.
Nf4 Qxg3+ 35. Kxg3 Re8 36. h5 Kg8 37. Rc5 a4 38. b4 Rd8 39. Kf2 Kf7 40. b5 Be8
41. Nxd5 Kf8 42. Nf4 1-0

[Event "25.Schlosspark-Open"]
[Site "Wiesbaden-Biebrich"]
[Date "2013.08.23"]
[Round "3.19"]
[White "Nagel, Bernhard"]
[Black "Achtmann, Armin"]
[Result "1-0"]
[WhiteElo "2230"]
[BlackElo "1963"]
[PlyCount "103"]
[EventDate "2013.??.??"]
[WhiteTeam "Wiesbadener SV 1885"]
[BlackTeam "SAbt TuS Dotzheim"]

1. Nf3 f5 2. c4 Nf6 3. Nc3 c6 4. d4 d5 5. cxd5 cxd5 6. Bf4 e6 7. e3 Qa5 8. Bb5+
Bd7 9. Qb3 Nc6 10. O-O Be7 11. Ne5 Qb4 12. Bxc6 Bxc6 13. Nxc6 bxc6 14. Rfc1 O-O
15. Qxb4 Bxb4 16. a3 Be7 17. Na4 Rfc8 18. Rc2 Nd7 19. Rac1 g5 20. Be5 Nxe5 21.
dxe5 Rab8 22. g3 c5 23. Nxc5 Rxc5 24. Rxc5 Bxc5 25. Rxc5 Rxb2 26. Rc7 a5 27.
Rc5 a4 28. Ra5 h5 29. Rxa4 Kf7 30. Ra6 Ke7 31. Ra7+ Kd8 32. Rh7 Ra2 33. Rxh5 g4
34. Rh6 Kd7 35. Rh7+ Kc6 36. Re7 Kc5 37. Kg2 d4 38. exd4+ Kxd4 39. Rxe6 Rxa3
40. Re8 Ra7 41. h4 Ke4 42. e6 Ke5 43. e7 Ke6 44. Kf1 Ra1+ 45. Ke2 Ra2+ 46. Ke3
Ra3+ 47. Kf4 Rf3+ 48. Kg5 Rxf2 49. Rf8 Kxe7 50. Rxf5 Rh2 51. Kxg4 Ke6 52. Rf1
1-0

[Event "25.Schlosspark-Open"]
[Site "Wiesbaden-Biebrich"]
[Date "2013.08.23"]
[Round "3.20"]
[White "Klyszcz, Michael"]
[Black "Wenninger, Philipp"]
[Result "0-1"]
[WhiteElo "1999"]
[BlackElo "2229"]
[PlyCount "38"]
[EventDate "2013.??.??"]
[WhiteTeam "SG 1871 Löberitz"]
[BlackTeam "Heilbronner SV"]

1. e4 c6 2. d4 d5 3. Nc3 dxe4 4. Nxe4 Bf5 5. Ng3 Bg6 6. Nh3 Nd7 7. Nf4 e5 8.
Nxg6 hxg6 9. c3 exd4 10. Qxd4 Ngf6 11. Be3 Bc5 12. Qf4 Qe7 13. O-O-O Bxe3+ 14.
fxe3 O-O-O 15. Bc4 Ne5 16. Rxd8+ Rxd8 17. Re1 Qd6 18. Nf1 Nd5 19. Bxd5 Nd3+ 0-1

[Event "25.Schlosspark-Open"]
[Site "Wiesbaden-Biebrich"]
[Date "2013.08.23"]
[Round "3.21"]
[White "Osswald, Luis Monty"]
[Black "Stimpel, Franz"]
[Result "1-0"]
[WhiteElo "1965"]
[BlackElo "2175"]
[PlyCount "63"]
[EventDate "2013.??.??"]
[WhiteTeam "Kasseler SK 1876"]
[BlackTeam "Wiesbadener SV 1885"]

1. e4 e6 2. Nf3 d5 3. Nc3 Nf6 4. e5 Ne4 5. Ne2 Bc5 6. d4 Be7 7. h4 c5 8. g3 Nc6
9. Bg2 Qc7 10. c3 cxd4 11. cxd4 Bb4+ 12. Kf1 f6 13. exf6 Nxf6 14. Nf4 O-O 15.
Bh3 Re8 16. Kg2 Qd6 17. Nd3 Ba5 18. Bf4 Qf8 19. a3 Bb6 20. Be5 Ne4 21. Qe2 Bd7
22. Rad1 Rac8 23. Nf4 Bc7 24. Nxd5 Bxe5 25. dxe5 Nc5 26. Nf4 Nb8 27. b4 Na4 28.
Rxd7 Nxd7 29. Bxe6+ Rxe6 30. Nxe6 Qf7 31. Nf4 Nc3 32. Qe3 1-0

[Event "25.Schlosspark-Open"]
[Site "Wiesbaden-Biebrich"]
[Date "2013.08.23"]
[Round "3.22"]
[White "Pioch, Thomas"]
[Black "Scharrer, Udo"]
[Result "1/2-1/2"]
[WhiteElo "2172"]
[BlackElo "2036"]
[PlyCount "29"]
[EventDate "2013.??.??"]
[WhiteTeam "Sfr.Mainz 1928"]
[BlackTeam "SG Stern Stuttgart"]

1. e3 Nf6 2. d4 g6 3. Nf3 Bg7 4. c4 c5 5. Nc3 O-O 6. Be2 cxd4 7. Nxd4 Nc6 8.
Nc2 d6 9. O-O Be6 10. e4 Rc8 11. Bd2 a6 12. Rc1 Ne8 13. Nd5 Bxd5 14. exd5 Ne5
15. Ne3 1/2-1/2

[Event "25.Schlosspark-Open"]
[Site "Wiesbaden-Biebrich"]
[Date "2013.08.23"]
[Round "3.23"]
[White "Sarközy, Benjamin"]
[Black "Carow, Annelen"]
[Result "1-0"]
[WhiteElo "2115"]
[BlackElo "1997"]
[PlyCount "57"]
[EventDate "2013.??.??"]
[WhiteTeam "SV Oberursel"]
[BlackTeam "Sfr.Heidesheim"]

1. e4 c5 2. Nf3 e6 3. Nc3 a6 4. d4 cxd4 5. Nxd4 Qc7 6. Bd3 Nf6 7. Qe2 d6 8. Bd2
Nbd7 9. O-O-O Nc5 10. Kb1 b5 11. a3 Be7 12. g4 Bb7 13. g5 Nfd7 14. Rhg1 Ne5 15.
h4 O-O-O 16. f4 Nexd3 17. cxd3 Kb8 18. b4 e5 19. Nf5 Ne6 20. Rc1 Qd7 21. Qf2
Rc8 22. Nd5 Rxc1+ 23. Rxc1 Bd8 24. Nb6 Bxb6 25. Qxb6 Rd8 26. Be3 Nc7 27. Qa7+
Kc8 28. Bb6 Bc6 29. Rxc6 1-0

[Event "25.Schlosspark-Open"]
[Site "Wiesbaden-Biebrich"]
[Date "2013.08.23"]
[Round "3.24"]
[White "Berberich, Christoph"]
[Black "Troidl, Thomas"]
[Result "1-0"]
[WhiteElo "2078"]
[BlackElo "1991"]
[PlyCount "61"]
[EventDate "2013.??.??"]
[WhiteTeam "SK Freiburg Zähringen 1887 e.V."]
[BlackTeam "TSV Kareth-Lappersdorf"]

1. d4 f5 2. Bg5 h6 3. Bh4 g6 4. e3 Bg7 5. Bd3 d5 6. g4 c5 7. c3 Qb6 8. Qe2 c4
9. Bc2 fxg4 10. e4 g5 11. Bg3 Be6 12. Na3 Nd7 13. O-O-O Rc8 14. h4 gxh3 15.
Nxh3 Kd8 16. e5 Kc7 17. f4 gxf4 18. Nxf4 h5 19. Nxe6+ Qxe6 20. Rxh5 Nh6 21.
Nxc4 dxc4 22. d5 Qg4 23. Qh2 Nf5 24. Bxf5 Qxh5 25. e6+ Kd8 26. Qxh5 Rxh5 27.
exd7 Rc5 28. Be6 Rg5 29. Bh4 Re5 30. d6 Rxe6 31. dxe7+ 1-0